<?xml version="1.0" encoding="UTF-8"?>
<marc:record xmlns:marc="http://www.loc.gov/MARC21/slim">
   <marc:leader>00000nam a2200000 a 4500</marc:leader>
   <marc:datafield ind1="1" ind2=" " tag="100">
      <marc:subfield code="a">Hunter, Erin</marc:subfield>
      <marc:subfield code="4">aut</marc:subfield>
      <marc:subfield code="e">Verfasser/-in</marc:subfield>
   </marc:datafield>
   <marc:datafield ind1=" " ind2=" " tag="653">
      <marc:subfield code="a">Für Jungs</marc:subfield>
   </marc:datafield>
   <marc:datafield ind1=" " ind2=" " tag="653">
      <marc:subfield code="a">Fantasy</marc:subfield>
   </marc:datafield>
   <marc:datafield ind1="0" ind2="0" tag="245">
      <marc:subfield code="a">Mondschein  II - 2</marc:subfield>
   </marc:datafield>
   <marc:datafield ind1="0" ind2="0" tag="245">
      <marc:subfield code="c">Hunter, Erin</marc:subfield>
   </marc:datafield>
   <marc:datafield ind1=" " ind2="1" tag="264">
      <marc:subfield code="a">Weinheim, Basel</marc:subfield>
      <marc:subfield code="b">Beltz und Gelberg</marc:subfield>
      <marc:subfield code="c">2019</marc:subfield>
   </marc:datafield>
   <marc:datafield ind1="1" ind2=" " tag="490">
      <marc:subfield code="a">Warrior Cats: Die neue Prophezeiung</marc:subfield>
   </marc:datafield>
   <marc:datafield ind1="1" ind2=" " tag="520">
      <marc:subfield code="a">"Der Stamm der ewigen Jagd hat versprochen, dass eine Katze kommen wird. Eine silberne Katze aus einem fernen Stamm, die uns von Scharfzahn befreien wird."&#xD;
Die auserwählten Katzen haben erfahren, welches Unheil den WaldClans bevorsteht. Jetzt wollen sie auf schnellstem Weg nach Hause. Doch im Gebirge hält sie ein unheimlicher Katzen-Stamm auf und bringt sie in große Bedrängnis. Währenddessen spitzt sich die Lage in der Heimat dramatisch zu: Die Zweibeiner dringen immer tiefer in den Wald ein und verjagen alle Beute. Ein Krieg zwischen den Clans scheint unausweichlich</marc:subfield>
   </marc:datafield>
   <marc:datafield ind1=" " ind2=" " tag="020">
      <marc:subfield code="a">9783407810847</marc:subfield>
      <marc:subfield code="9">9783407810847</marc:subfield>
   </marc:datafield>
   <marc:datafield ind1=" " ind2=" " tag="020">
      <marc:subfield code="a">3407810849</marc:subfield>
      <marc:subfield code="9">3407810849</marc:subfield>
   </marc:datafield>
   <marc:datafield ind1=" " ind2=" " tag="041">
      <marc:subfield code="a">ger</marc:subfield>
   </marc:datafield>
   <marc:datafield ind1=" " ind2=" " tag="338">
      <marc:subfield code="a">Band</marc:subfield>
   </marc:datafield>
   <marc:datafield ind1=" " ind2=" " tag="300">
      <marc:subfield code="a">311 Seiten</marc:subfield>
   </marc:datafield>
</marc:record>
